01284nac a22003257a 4500001001000000003000900010005001700019008003400036040005400070072001300124090001800137100001800155100002000173110015000193245007800343246007700421260004900498300001000547490005900557500002600616650001500642650001300657650002300670650001500693650002300708909004700731942001700778999001900795952014400814BR8201956BR-BrBNA20240105115300.0230509b bl.|||m| |||| 00| 0 por d aBR-BrBNAbporcBiblioteca Nacional de Agricultura aP12; P10 aP12 BR82019561 aTundisi, J.G.1 aBarbosa, F.A.R.1 aUniversidade Estadual Paulista Julio de Mesquita Filho, Sao Jose do Rio Preto, SP (Brasil). Inst. de Biociencias, Letras e Ciencias Exatas9107031 aImpacto das obras hidraulicas nas bacias hidrograficas [Barragem; Brasil]1 a[Impact of the hydraulic works in the hydrological basins [Dam; Brazil]]3 aSao Jose do Rio Preto, SP (Brasil): c1981.  a27 p. aInter-Facies. Escritos e Documentos (Brazil)vno. 51x a32 ref.; Summary (En) aHIDRAULICA aBARRAGEM aENERGIA HIDRAULICA aHIDROLOGIA aBACIA HIDROGRAFICA a202312bLúcia Elandec55dLúcia Elande 2AGRISn0cMS c274057d274057 002AGRIS40708Acervo Gerala41918b41918cAGROBASEl0oP12 BR8201956pP12 BR8201956r2023-12-18yMSePortaria Interministerial nº 164/94